The Psalms of David, imitated in the language of the New Testament and applied to the Christian state and worship /

Bibliographic Details
Uniform Title:Bible.
Other Authors: Watts, Isaac, 1674-1748, Mycall, John, 1750-1833
Format: eBook
Language:English
Edition:The forty-fifth edition, corrected, and accommodated to the use of the Church of Christ in America. [Six lines of Scripture texts].
Series:Early American imprints. Evans (1639-1800) ; no. 18930.
Subjects:
Online Access:Evans Digital Edition

MARC

Tag First Indicator Second Indicator Subfields
LEADER 00000cam a2200000 a 4500
001 in00002140366
006 m e d #
007 cr mn mmmmabba
008 831028s1785 mau s 001 0 eng d
005 20260330213433.1
035 |z w004422 
035 |a MAAR8310282504B 
035 |9 mwa91-49343 
035 |a 333198 
035 |a aas03004422 
040 |a MWA  |c MWA  |e bdrb  |d UtOrBLW 
130 0 |a Bible.  |p Psalms.  |l English.  |s Mycall.  |f 1785. 
245 1 4 |a The Psalms of David, imitated in the language of the New Testament and applied to the Christian state and worship /  |c By Isaac Watts, D.D. 
250 |a The forty-fifth edition, corrected, and accommodated to the use of the Church of Christ in America. [Six lines of Scripture texts]. 
264 3 |a Boston :  |b Printed and sold by Norman and Bowen, in Marshall's-Lane, near the Boston-Stone,  |c MDCCLXXXV. [1785] 
300 |a 2 unnumbered pages, 224, 179 [i.e., 178], 4 unnumbered pages ;  |c 16 cm. (quarto) 
336 |a text  |b txt  |2 rdacontent 
337 |a computer  |b c  |2 rdamedia 
338 |a online resource  |b cr  |2 rdacarrier 
500 |a Revised by John Mycall. Cf. Benson, L. The American revisions of Watts's Psalms, Philadelphia, 1903. 
500 |a Errors in paging: pages 72, 84, 1st count, misnumbered 27, 48; in the second count page number 118 is repeated and page numbers 165 and 171 are omitted. 
500 |a "Hymns and spiritual songs. ... By I. Watts, D.D."--179 [i.e., 178], [4] pages at end. 
510 4 |a Evans  |c 18930 
530 |a Microform version available in the Readex Early American Imprints series. 
533 |a Electronic text and image data.  |b [Chester, Vt. :  |c Readex, a division of Newsbank, Inc.,  |d 2002-2004.  |e Includes files in TIFF, GIF and PDF formats with inclusion of keyword searchable text.  |f (Early American imprints. First series ; no. 18930). 
500 |a Electronic resource. 
655 7 |a Psalters  |y 1785.  |2 rbgenr 
700 1 |a Watts, Isaac,  |d 1674-1748. 
700 1 |a Mycall, John,  |d 1750-1833. 
700 1 2 |a Watts, Isaac,  |d 1674-1748.  |t Hymns and spiritual songs. 
752 |a United States  |b Massachusetts  |d Boston. 
830 0 |a Early American imprints.  |n Series I,  |p Evans (1639-1800) ;  |v no. 18930. 
856 4 1 |u http://proxy.library.tamu.edu/login?url=https://opac.newsbank.com/select/evans/18930  |y Evans Digital Edition  |t 0 
999 |a MARS 
999 f f |s 6cec427a-492f-3a20-ad87-1ddeca4859f5  |i 1f52978e-f437-3e02-aa3c-32eec0c9072b  |t 0 
952 f f |a Texas A&M University  |b College Station  |c Electronic Resources  |s www_evans  |d Available Online  |t 0  |h No information provided 
998 f f |t 0  |l Available Online